|
|
|
|
| LEADER |
01346nam a22003252a 4500 |
| 001 |
000287992 |
| 003 |
CZ BrMZK |
| 005 |
20221122141405.0 |
| 007 |
ta |
| 008 |
980107s1970 xr af f cze d |
| 015 |
|
|
|a cnb000111650
|
| 040 |
|
|
|a BOA001
|b cze
|
| 100 |
1 |
|
|a Segert, Stanislav,
|d 1921-2005
|7 jk01110601
|4 aut
|
| 245 |
1 |
0 |
|a Synové světla a synové tmy :
|b svědectví nejstarších biblických rukopisů /
|c Stanislav Segert
|
| 250 |
|
|
|a 1.vyd.
|
| 260 |
|
|
|a Praha :
|b Orbis,
|c 1970
|
| 300 |
|
|
|a 223 s., obr.příl.
|
| 490 |
1 |
|
|a Osudy, fakta, objevy ;
|v sv. 13
|
| 500 |
|
|
|a Dostupné též v digitalizované podobě v aplikaci Kramerius
|
| 504 |
|
|
|a Obsahuje bibliografii
|
| 830 |
|
0 |
|a Osudy, fakta, objevy
|0 s
|
| 856 |
4 |
1 |
|u https://www.digitalniknihovna.cz/mzk/uuid/uuid:7b7bdf5a-52d8-4b3c-a227-038c5fed4340
|y Digitalizovaný dokument
|
| 910 |
|
|
|a BOA001
|b 2-0653.996
|b PK-0059.648
|
| 920 |
|
|
|a 000179240
|
| 964 |
|
|
|a Kumrán - rukopisy - rozbory
|
| 990 |
|
|
|a BK
|
| 991 |
|
|
|p NDK 2012/60
|
| 996 |
7 |
|
|b 2619942201
|c 2-0653.996
|l Sklad H1
|r Sklad / do 24 hodin
|n 2
|h HS212
|w 000287992
|u 000030
|a 1
|e BOA001
|j MZK50
|s A
|
| 996 |
6 |
|
|b 2619944433
|c 2-0653.996
|l Sklad H1
|r Sklad / do 24 hodin
|n 9
|h HS212
|w 000287992
|u 000020
|a 1
|e BOA001
|j MZK50
|s P
|
| 996 |
7 |
|
|b 3119921492
|c PK-0059.648
|l MZK
|r Sklad / do 1 hodiny
|n 18
|w 000287992
|u 000010
|a 1
|e BOA001
|j MZK50
|s A
|